Kliknij części krowy na obrazku - Statystyki

Ogólne statystyki
  • Ten quiz został rozwiązany 72 razy
  • Średni wynik to 7 z 16
Odpowiedzi na mapie
Odpowiedzi zakodowano w zielono-czerwonej skali na mapie do tego quizu, zgodnie z poniższymi procentami.
 
Statystyki odpowiedzi
Odpowiedź % Poprawnych
Ogon
83%
Żeberka i szponder
67%
Udziec
65%
Łopatka
61%
Mostek
52%
Karkówka
50%
Polędwica
46%
Łata
41%
Pachwina
41%
Rostbef
41%
Antrykot
33%
Żeberka i łata
33%
Ligawa
28%
Rozbratel
28%
Rumsztyk
24%
Pręga
22%
Nie znaleziono quizów pasujących do podanych kryteriów
Rozkład punktacji
Procent ludzi z każdym wynikiem
Percentyl według liczby udzielonych odpowiedzi
Twoja historia wyników
Nie rozwiązałeś tego quizu